00214nam a2200073Ia 4500008004100000082000800041100001700049245007400066240331s9999 xx 000 0 und d bWAN aWang, O.N.C. 0aFantastic modernity :bdialectical readings in romanticism and theory